[Event "Kragero Resort Chess A 2018"]
[Site "Kragero"]
[Date "2018.02.23"]
[Round "4"]
[White "Ingebretsen, Jens E"]
[Black "Risting, Eivind Olav"]
[Result "1-0"]
[WhiteElo "2174"]
[BlackElo "2308"]
[Annotator "TA"]
[PlyCount "65"]
[EventDate "2018.??.??"]
[EventType "swiss"]
[EventCountry "NOR"]
[SourceTitle "playchess.com"]
[Source "ChessBase"]
[SourceQuality "1"]

{[%evp 9,65,31,81,77,79,71,126,134,146,116,119,120,131,75,148,156,169,169,276,277,275,265,317,327,327,163,156,161,164,122,126,115,113,68,156,123,127,121,133,121,116,116,108,107,192,203,209,211,243,242,618,606,987,950,29989,2338,29992,29993]} 1. e4 c5 2. Nf3 Nf6 3. e5 Nd5 4. d4 cxd4 5. Qxd4 Nc7 (5... e6 6. a3 Nc6 7. Qe4 d6 8. c4 Nb6 9. exd6 Bxd6 10. Nc3 Nd7 11. Bg5 Be7 12. Bxe7 Qxe7 13. O-O-O Nc5 {½-½ (44) Morozevich,A (2683)-Lintchevski,D (2566) Kazan 2016}) 6. Nc3 {B29: Sicilian: 2 Nf3 Nf6 (Nimzowitsch Variation)} Nc6 7. Qe4 g6 (7... e6 $142) 8. Bf4 $16 {White is better.} Ne6 9. Bc4 Bg7 10. h4 Qa5 $146 ({Predecessor:} 10... f5 11. exf6 exf6 12. O-O-O f5 {1-0 (23) Perez Perez,F-Seitz,J Madrid 1957}) 11. Bg3 (11. O-O-O $142) 11... h5 (11... b5 $142 12. Bxe6 (12. Bxb5 Rb8 $14) 12... fxe6) 12. O-O Rb8 13. Rad1 Qb4 (13... Bh6 $142 14. a3 O-O) 14. a3 $1 $18 {[%cal Ra3b4]} Qb6 15. Nd5 Qxb2 16. Ra1 b5 17. Rfb1 (17. Bd3 $142) 17... Qxa1 18. Rxa1 bxc4 19. Nf4 Rb6 20. Rd1 {[%mdl 1024] White has strong compensation.} O-O 21. Kh2 Ba6 (21... Nxf4 $14 22. Bxf4 Ra6) 22. Nd5 Rb2 23. Ng5 Nc5 24. Qe3 Ne6 25. Nb4 Nxb4 26. axb4 Rxb4 (26... Nxg5 $16 27. Qxg5 (27. hxg5 Bb5 $16) 27... Rxc2) 27. Rxd7 {Strongly threatening Nxe6.} Nxg5 28. hxg5 ({Don't play} 28. Qxg5 $6 Bc8 $16) 28... Bc8 {[#]} 29. e6 $1 {[%cal Be5e6,Be6f7][%mdl 32]} ({Much less strong is} 29. Rxe7 $6 Be6) 29... h4 $2 (29... Kh7 30. Rxe7 Bxe6) 30. Bc7 Rb7 31. exf7+ Kh7 {[#]} 32. Rxe7 (32. Qf4 $142 $1 {[%mdl 512]} Bf6 33. Qxh4+ Kg7 34. Qh6+ Kxf7 35. gxf6 Rh8 36. Qxh8 Ke6 37. Rxe7+ Kd5 38. Qd8+ Bd7 39. Qxd7+ Kc5 40. Qd6+ Kb5 41. Re5+ Ka4 42. Ra5#) 32... Bf5 33. Qf4 {Precision: White = 65%, Black = 33%.} 1-0

[Event "Kragero Resort Chess A 2018"]
[Site "Kragero"]
[Date "2018.02.23"]
[Round "4"]
[White "Bruaset, Eivind"]
[Black "Nielsen, Andre"]
[Result "1/2-1/2"]
[WhiteElo "2108"]
[BlackElo "2145"]
[Annotator "TA"]
[PlyCount "27"]
[EventDate "2018.??.??"]
[EventType "swiss"]
[EventCountry "NOR"]
[SourceTitle "playchess.com"]
[Source "ChessBase"]
[SourceQuality "1"]

{[%evp 26,27,0,0]} 1. e4 e5 2. Nf3 Nc6 3. d4 exd4 4. Bc4 Bc5 5. c3 Nf6 6. cxd4 Bb4+ 7. Bd2 Bxd2+ 8. Nbxd2 d5 9. exd5 Nxd5 10. Qb3 Na5 $146 ({Find the theoretical novelty and annotate with similar games:} 10... Nce7 11. O-O O-O 12. Rfe1 c6 13. Ne4 Nb6 14. Bd3 Ned5 15. Nc5 Nf6 16. Rac1 Rb8 17. Qa3 a6 18. Qb3 Qc7 19. Ne4 Nfd5 20. Nc3 Qd6 21. Be4 {½-½ (36) Jones,G (2640)-Karjakin,S (2753) Wijk aan Zee 2018}) 11. Qa4+ Nc6 12. Qb3 Na5 13. Qa4+ Nc6 14. Qb3 1/2-1/2

[Event "Kragero Resort Chess A 2018"]
[Site "Kragero"]
[Date "2018.02.23"]
[Round "4"]
[White "Huse, Sigurd Kjelsbol"]
[Black "Rishovd, Svein"]
[Result "1/2-1/2"]
[WhiteElo "1993"]
[BlackElo "2126"]
[Annotator "TA"]
[PlyCount "72"]
[EventDate "2018.??.??"]
[EventType "swiss"]
[EventCountry "NOR"]
[SourceTitle "playchess.com"]
[Source "ChessBase"]
[SourceQuality "1"]

{[%evp 11,72,25,25,29,53,18,0,0,0,-22,35,37,50,48,43,33,37,16,41,0,40,48,43,40,43,0,18,0,12,5,19,-12,-7,0,-9,-18,-11,-14,-6,-11,10,8,24,28,127,116,117,66,62,64,67,65,58,62,62,50,50,50,58,22,22,25,43]} 1. e4 c5 2. Nf3 e6 3. d4 cxd4 4. Nxd4 a6 5. c4 Nf6 6. Nc3 Bb4 7. Qd3 {B41: Sicilian: Kan Variation: 5 c4} O-O 8. Bd2 (8. e5 $5 {[%cal Re5f6]} Ne8 9. Be2 $14) (8. Be2 d6 9. O-O Nbd7 10. Qc2 Bxc3 11. bxc3 Nc5 12. f3 Qc7 13. Be3 Bd7 14. Qd2 e5 {0-1 (45) Jakovenko,D (2710)-Andreikin,D (2708) Sochi 2017}) 8... d6 9. Be2 $146 {The position is equal.} ({Predecessor:} 9. a3 Bc5 10. b4 Bxd4 11. Qxd4 Nc6 12. Qd3 d5 13. exd5 exd5 14. Nxd5 Nxd5 15. cxd5 {0-1 (25) Grandadam,N (2285)-Nikolov,M (2515) Deizisau 2014}) 9... Nbd7 {[%cal Bb8d7,Bd7e5,Be5g6][%mdl 32]} 10. Qc2 Qc7 (10... Nc5 $11) 11. O-O $14 Bc5 12. Nb3 Ba7 13. Bf4 Ne5 14. Rad1 Bd7 15. Qd2 Bc6 16. Qxd6 Qxd6 17. Rxd6 Ng6 18. Bg3 Nxe4 19. Nxe4 Bxe4 20. Rd2 e5 21. Kh1 Nf4 22. Bxf4 exf4 23. f3 Bf5 24. Nd4 Bd7 25. Nb5 axb5 26. Rxd7 Rfe8 27. Bd3 $36 {[%mdl 2048] White is pushing.} Re3 (27... Red8 $11 {remains equal.} 28. Rxd8+ Rxd8) 28. cxb5 $16 {aiming for Bc4.} Bc5 29. Bc4 (29. Be4 $16) 29... Re7 $14 30. Rfd1 Kf8 31. g3 fxg3 32. hxg3 b6 33. Rd8+ Rxd8 $1 34. Rxd8+ Re8 35. Rxe8+ Kxe8 36. Kg2 f6 {Precision: White = 39%, Black = 38%.} 1/2-1/2

[Event "Kragero Resort Chess A 2018"]
[Site "Kragero"]
[Date "2018.02.23"]
[Round "5"]
[White "Hammer, Jon Ludvig"]
[Black "Ingebretsen, Jens E"]
[Result "1-0"]
[WhiteElo "2622"]
[BlackElo "2174"]
[Annotator "TA"]
[PlyCount "45"]
[EventDate "2018.??.??"]
[EventType "swiss"]
[EventCountry "NOR"]
[SourceTitle "playchess.com"]
[Source "ChessBase"]
[SourceQuality "1"]

{[%evp 16,45,19,21,43,39,45,44,45,35,62,52,64,69,85,70,112,103,109,109,109,109,149,150,152,141,230,216,341,320,729,736]} 1. c4 e5 2. g3 Nf6 3. Bg2 c6 4. Nf3 e4 5. Nd4 d5 6. d3 {A20: English Opening: 1...e5} (6. cxd5 Qxd5 7. e3 Na6 8. d3 Bb4+ 9. Nc3 Nc5 10. O-O Bxc3 11. dxe4 Ncxe4 12. bxc3 O-O 13. Qc2 c5 14. Nb3 Bf5 {0-1 (59) Gelfand,B (2729)-Inarkiev,E (2702) Nazran 2017}) 6... Bc5 7. Nb3 Bb4+ 8. Bd2 Bxd2+ 9. Qxd2 {LiveBook: 10 Games} O-O 10. cxd5 exd3 $146 ({Predecessor:} 10... cxd5 11. Nc3 Qe7 12. O-O Nc6 13. Rfd1 Re8 14. dxe4 dxe4 {1-0 (93) Marjanovics,A (2331)-Milosevic,M (2263) Paracin 2017}) 11. Qxd3 Nxd5 12. O-O Na6 13. Bxd5 cxd5 14. Nc3 Be6 15. Rad1 {[%cal Ba1d1,Bd1d5,Bd5d7,Bd7f7,Bf7f5][%mdl 32]} Rc8 16. Qb5 Qe7 17. Nxd5 Bxd5 18. Rxd5 Rfe8 {[#] aiming for ...Nc7.} 19. Rd7 Qxe2 20. Qxb7 $40 {[%mdl 128] White wants a kill.} Rcd8 (20... Qe6 $16 21. Rfd1 (21. Qxa7 Nb4 $16) 21... Nb8) 21. Qxa7 $18 h5 (21... Rf8 $142 22. Rxd8 Rxd8) 22. Rxf7 Qxb2 $2 {[#]} (22... Qe5 23. f4 Qe3+ 24. Qxe3 Rxe3) 23. Rf5 {Precision: White = 100%, Black = 19%.} 1-0

[Event "Kragero Resort Chess A 2018"]
[Site "Kragero"]
[Date "2018.02.23"]
[Round "5"]
[White "Kveinys, Aloyzas"]
[Black "Holm, Kristian Stuvik"]
[Result "1-0"]
[WhiteElo "2550"]
[BlackElo "2448"]
[Annotator "TA"]
[PlyCount "115"]
[EventDate "2018.??.??"]
[EventType "swiss"]
[EventCountry "NOR"]
[SourceTitle "playchess.com"]
[Source "ChessBase"]
[SourceQuality "1"]

{[%evp 23,115,15,28,25,54,31,29,30,30,24,27,33,28,15,26,19,57,25,52,42,43,27,35,17,46,22,33,24,61,39,51,54,55,59,63,-18,-18,-18,-18,-19,-12,-15,52,54,60,33,41,30,45,45,53,53,53,53,53,53,53,45,54,54,55,45,50,33,33,33,91,26,127,129,254,253,323,316,312,309,12837,12838,12838,12839,12839,12839,12841,12841,12843,12843,12845,12845,12849,12846,12847,12847,12849,12849]} 1. Nf3 g6 2. e4 c5 3. d4 cxd4 4. Qxd4 Nf6 5. Nc3 Nc6 6. Qa4 d6 7. e5 dxe5 8. Nxe5 Bg7 {B27: Sicilian: 2 Nf3, unusual Black 2nd moves} 9. Bb5 O-O 10. Nxc6 bxc6 11. Bxc6 Bd7 12. O-O Bxc6 {LiveBook: 3 Games} 13. Qxc6 {[#]} Rb8 $146 ({Predecessor:} 13... Rc8 14. Qa6 Qc7 15. h3 Rb8 16. Rb1 {½-½ (51) Matinian,N (2491)-Mista,A (2606) Minsk 2017}) 14. Qf3 Nd7 15. Rd1 Qc8 16. Nd5 Re8 $1 17. c3 e6 18. Nb4 Ne5 19. Qe2 a5 20. Nd3 Nxd3 21. Rxd3 a4 22. Bf4 e5 23. Bg3 Rb6 24. Rad1 Qc4 25. a3 h5 {Strongly threatening ...h4.} 26. f3 Kh7 27. R3d2 Qa2 28. Bf2 Rb7 29. Be3 ({White should play} 29. Bc5 $14) 29... Reb8 $11 {[%cal Rb7b2]} 30. b4 Qxa3 31. Qc4 e4 $1 32. Bd4 {Threatening Bxg7.} exf3 (32... Rd8 $11) 33. Bxg7 $14 Kxg7 34. Rb1 $36 {[%mdl 2048] Hoping for Ra2. White fights for an advantage.} Kh7 35. gxf3 Re8 36. Kf2 Ree7 37. Ra2 Rbc7 $1 {[#]} 38. Qxf7+ $1 {[%mdl 512]} Rxf7 39. Rxa3 {[%mdl 4096] Endgame KRR-KRR} Rf4 40. Rd1 g5 41. Rd3 Rh4 42. Kg3 Rhc4 $1 43. h3 Kg6 44. Kf2 Kf5 ({Better is} 44... Kf6 $14) 45. Ke3 (45. Rd5+ $16 Kf6 46. Rxa4) 45... Re7+ (45... Rh4 $11) 46. Kd2 $16 Rh4 (46... Ra7 $16 {is a better defense.}) 47. Rxa4 $18 Rxh3 48. Ra5+ Kf4 49. Rd4+ Kxf3 $2 {[#]} (49... Kg3 50. Rxg5+ Kf2) 50. Rd3+ $1 {White is clearly winning.} Kg4 {[#]} 51. Rxh3 $1 Kxh3 52. Rxg5 {KR-KR} h4 53. b5 Kh2 54. c4 h3 55. b6 Kh1 56. Rb5 h2 57. b7 Kg2 58. b8=Q {Precision: White = 59%, Black = 45%.} 1-0

[Event "Kragero Resort Chess A 2018"]
[Site "Kragero"]
[Date "2018.02.23"]
[Round "5"]
[White "Kantans, Toms"]
[Black "Chatalbashev, Boris"]
[Result "1/2-1/2"]
[WhiteElo "2487"]
[BlackElo "2571"]
[Annotator "TA"]
[PlyCount "43"]
[EventDate "2018.??.??"]
[EventType "swiss"]
[EventCountry "NOR"]
[SourceTitle "playchess.com"]
[Source "ChessBase"]
[SourceQuality "1"]

{[%evp 12,43,32,28,106,98,85,18,57,49,52,62,47,45,47,20,22,13,12,6,39,0,0,8,7,0,0,0,0,0,0,0,0,0]} 1. e4 g6 2. d4 Bg7 3. Nc3 c6 4. Nf3 d6 5. Be3 Nf6 6. Qd2 O-O 7. Bh6 {LiveBook: 139 Games} e5 {B08: Pirc Defence: Classical System} (7... d5 $11 {remains equal.}) (7... Bg4 8. O-O-O Qa5 9. Bxg7 Kxg7 10. Qf4 e5 11. Qg5 h6 12. Qe3 b5 13. Kb1 Be6 14. b3 Nbd7 15. h3 b4 {½-½ (35) Starostits,I (2427)-Zubov,A (2626) Sitges 2017}) 8. Bxg7 $16 Kxg7 9. Be2 ({White should play} 9. dxe5 $16 dxe5 10. Nxe5) 9... b5 10. dxe5 $146 ({Predecessor:} 10. O-O Bg4 11. h3 Bxf3 12. Bxf3 Qb6 13. dxe5 dxe5 {1-0 (53) Fantini,M (1852)-Boerci,R (1440) Trieste 2004}) 10... dxe5 11. Qxd8 $1 ({Of course not} 11. Nxe5 Qxd2+ 12. Kxd2 b4 $15) 11... Rxd8 12. Nxe5 Re8 13. Nd3 Nxe4 14. Nxe4 Rxe4 15. Kd2 Bf5 16. a4 (16. g4 $5 {[%cal Rg4f5]} Be6 17. Bf3 $11) 16... bxa4 {The position is equal.} 17. g4 Be6 18. Bf3 Rc4 19. Ne5 Rb4 20. Nd3 Rc4 21. Ne5 Rb4 22. Nd3 {Precision: White = 62%, Black = 39%.} 1/2-1/2

[Event "Kragero Resort Chess A 2018"]
[Site "Kragero"]
[Date "2018.02.23"]
[Round "5"]
[White "Notkevich, Benjamin Arvola"]
[Black "Christiansen, Johan-Sebastian"]
[Result "1-0"]
[WhiteElo "2446"]
[BlackElo "2498"]
[Annotator "TA"]
[PlyCount "95"]
[EventDate "2018.??.??"]
[EventType "swiss"]
[EventCountry "NOR"]
[SourceTitle "playchess.com"]
[Source "ChessBase"]
[SourceQuality "1"]

{[%evp 23,95,31,33,38,32,29,31,40,32,3,11,18,16,8,10,16,40,10,19,7,12,9,11,12,20,15,25,26,25,4,18,0,69,73,104,102,225,227,219,223,204,196,199,179,198,200,183,158,252,242,273,276,385,385,364,359,577,570,527,550,786,360,516,404,660,606,1224,811,781,775,725,633,5197,5197]} 1. d4 d5 2. c4 dxc4 3. e4 e5 4. Nf3 exd4 5. Bxc4 Nc6 6. O-O Be6 7. Bb5 Bc5 8. b4 {D20: Queen's Gambit Accepted: 3 e3 and 3 e4} Bb6 9. a4 a6 10. Bxc6+ bxc6 11. a5 Ba7 12. Bb2 Nf6 {LiveBook: 52 Games} 13. Bxd4 Nxe4 14. Bxa7 Qxd1 $1 15. Rxd1 Rxa7 {[#]} 16. Nd4 $146 c5 17. Nc6 {[%csl Gc6][%cal Rd1d8]} Ra8 18. f3 Nf6 19. bxc5 Nd7 20. Rc1 (20. Nd2 {looks sharper.} O-O 21. Ne4 Rfe8 22. Kf2 h6 23. Rac1) 20... O-O 21. Nd2 Rfe8 22. Rab1 Bd5 23. Nb4 Be6 24. Ne4 f5 25. Ng5 Nf6 26. c6 Bc8 27. Re1 {Nd5! is the strong threat.} Rxe1+ ({Black should play} 27... h6 $11 28. Rxe8+ Nxe8) 28. Rxe1 $14 {Hoping for Nd5!} h6 29. Ne6 Rb8 {[#]} (29... Bxe6 $16 30. Rxe6 Kf8) 30. Nxa6 $1 $18 {[%mdl 512]} Bxa6 31. Nxc7 Bc4 {And now ...Rc8 would win.} 32. a6 Bxa6 33. Nxa6 {[%mdl 4096] Endgame KRN-KRN} Rc8 34. c7 Kf7 35. Re5 g6 (35... Ne8 $16 36. Kf2 (36. Rxf5+ Ke7 $16) 36... Nd6) 36. h4 Nd7 37. Rb5 Ke7 {[#]} 38. h5 $1 {[%mdl 512]} gxh5 39. Rxf5 Nf6 $2 (39... Kd6 40. Rxh5 Kc6 41. Rxh6+ Kb5) 40. Kh2 Ke6 41. Rb5 Kd7 42. Rb6 (42. Kg3 $142 Rg8+ 43. Kf2) 42... Ke7 (42... Ne8 {is a better defense.} 43. Rxh6 Ra8) 43. Kh3 Rg8 (43... Nd5 $142) 44. g3 {White is clearly winning.} Rc8 45. Kh4 Nd7 46. Rxh6 Nf6 47. Kg5 Rg8+ 48. Rg6 {Precision: White = 77%, Black = 43%.} 1-0

[Event "Kragero Resort Chess A 2018"]
[Site "Kragero"]
[Date "2018.02.23"]
[Round "5"]
[White "Thorfinnsson, Bragi"]
[Black "Lie, Espen"]
[Result "1-0"]
[WhiteElo "2426"]
[BlackElo "2473"]
[Annotator "TA"]
[PlyCount "83"]
[EventDate "2018.??.??"]
[EventType "swiss"]
[EventCountry "NOR"]
[SourceTitle "playchess.com"]
[Source "ChessBase"]
[SourceQuality "1"]

{[%evp 16,83,0,-21,10,-27,-23,-8,-20,-21,0,-3,0,-16,0,-1,64,56,72,85,103,90,89,68,135,144,139,113,108,89,95,95,84,68,68,53,96,75,385,227,227,203,328,336,318,323,387,367,593,571,692,690,677,675,675,662,636,624,651,643,607,604,593,588,588,561,722,724,5128,5126]} 1. c4 c5 2. g3 g6 3. Bg2 Bg7 4. Nc3 Nc6 5. Nf3 e6 6. d3 Nge7 7. h4 d5 {A37: Symmetrical English vs ...g6: 4 Bg2 Bg7 5 Nf3} (7... h6 8. Bf4 d6 9. Qc1 b6 10. O-O Bb7 11. a3 Nf5 12. Rb1 a5 13. Nb5 Na7 14. Nxa7 Rxa7 15. e4 {½-½ (60) Wang,Y (2723)-Giri,A (2734) Beijing 2013}) 8. cxd5 exd5 9. h5 {LiveBook: 5 Games} Bg4 {The position is equal.} 10. hxg6 (10. h6 $5 {[%cal Rh6g7]} Bf6 11. Bf4 $15) 10... hxg6 11. Rxh8+ Bxh8 12. Bf4 $146 ({Predecessor:} 12. Qa4 Qd7 13. Bg5 Bxf3 14. exf3 Qf5 15. Qh4 Bxc3+ 16. bxc3 Qxd3 {½-½ (29) Mesaros,F (2324)-Chan,K (2187) Poprad 2016}) 12... Qa5 13. Bd2 Qd8 14. Rc1 Kf8 15. Qa4 Bxf3 ({Better is} 15... Qd7 $11) 16. Bxf3 $14 Nd4 17. Bg2 a6 18. Bg5 {[#] Hoping for Nxd5!} f6 19. Be3 Rc8 (19... b5 $14 20. Qd1 Bg7) 20. b4 $16 Ne6 21. bxc5 Nxc5 22. Qb4 a5 23. Qh4 Bg7 {Black wants to play ...g5.} 24. Bh3 f5 25. Bh6 $36 {[%mdl 2048] White fights for an advantage.} Rc6 26. Bg2 {[#] Black must now prevent Nxd5!} Qc7 $2 {[%mdl 8192]} (26... Bxh6 $16 27. Qxh6+ Kf7) 27. Bxg7+ (27. Nb5 $142 Nxd3+ 28. Kd2) 27... Kxg7 $18 28. Qd4+ Kf8 (28... Rf6 $142 29. Rb1 (29. Bxd5 Nxd5 30. Qxd5 Rc6 $16) 29... Qd6 30. Nxd5 (30. Bxd5 g5 $18) 30... Nxd5) 29. Qh8+ Kf7 30. Nxd5 Nxd3+ 31. Kd2 Qd6 $2 (31... Qe5 32. Qh7+ Kf8) 32. Rxc6 {White is clearly winning.} ({Inferior is} 32. exd3 Nxd5 33. Qh7+ Kf8 $11) 32... bxc6 33. Qh7+ ({And not} 33. exd3 Nxd5 34. Qd4 Ke6 $11) 33... Ke6 34. Qxe7+ Qxe7 35. Nxe7 Nxf2 36. Nxc6 a4 37. Kc3 Ng4 38. Nd4+ Kd6 39. Kb4 Ne3 40. Bf3 Nf1 41. Kxa4 Nxg3 42. Kb5 {Precision: White = 82%, Black = 43%.} 1-0

[Event "Kragero Resort Chess A 2018"]
[Site "Kragero"]
[Date "2018.02.23"]
[Round "5"]
[White "Genocchio, Daniele"]
[Black "Lie, Kjetil A"]
[Result "0-1"]
[WhiteElo "2385"]
[BlackElo "2523"]
[Annotator "TA"]
[PlyCount "50"]
[EventDate "2018.??.??"]
[EventType "swiss"]
[EventCountry "NOR"]
[SourceTitle "playchess.com"]
[Source "ChessBase"]
[SourceQuality "1"]

{[%evp 12,50,41,0,0,0,14,-7,0,2,60,35,72,50,52,33,39,31,41,9,22,24,458,88,85,18,83,109,145,114,88,100,222,125,116,-175,-171,-437,-423,-29989,-29990]} 1. e4 d6 2. d4 Nf6 3. Nc3 g6 4. Bg5 Bg7 5. f4 O-O 6. Qd2 c6 7. Nf3 d5 {B07: Pirc Defence: Miscellaneous Systems} 8. Bd3 dxe4 9. Nxe4 Bg4 {The position is equal.} 10. c3 Bxf3 (10... h6 $11 11. Bh4 Bxf3 12. gxf3 e6) 11. gxf3 $14 Nbd7 12. f5 $146 ({Predecessor:} 12. O-O-O Qa5 13. Kb1 c5 14. Nxc5 Nxc5 15. dxc5 Qxc5 {1-0 (27) Ulybin,M (2560)-Van Ryn,A Leeuwarden 1993}) 12... c5 13. dxc5 Rc8 14. O-O-O $36 {[%mdl 2048] White has some pressure.} Nxc5 15. Nxf6+ Bxf6 16. Bc2 Qa5 $2 {[%mdl 8192]} (16... Qxd2+ $11 {and Black has nothing to worry.} 17. Bxd2 b6) 17. Kb1 $2 (17. Bxf6 $1 $18 {is the precise move to win.} exf6 18. fxg6 fxg6 19. Qd5+ Kh8 20. Rhe1) 17... Rfd8 $16 18. Qg2 ({Better is} 18. Qe3 $16) 18... Qb6 (18... Rxd1+ $1 $11 {keeps the balance.} 19. Rxd1 Rd8) 19. Bxf6 Qxf6 20. f4 e6 21. fxe6 fxe6 (21... Qxe6 $16 22. h4 Rxd1+ 23. Rxd1 Qc6) 22. Rdf1 (22. h4 $1 $18) 22... Nd3 {[%cal Bc5d3,Bd3b2,Bb2c4][%mdl 32] Hoping for ...Nxb2!} 23. h4 $2 {[%mdl 8192] [#]} (23. Qf3 $16 {keeps the pressure on.} Nc5 24. Rf2) 23... Nxb2 $1 $19 {[%mdl 512]} 24. h5 $2 (24. Qg5 Qxc3 {[#]} 25. Bxg6 $1 {[%mdl 512]}) (24. Kxb2 Qxc3+) 24... Nc4 25. hxg6 (25. Rh3 $19 Nd2+ 26. Kb2 Nxf1 27. Qxf1) 25... Qxc3 {Precision: White = 25%, Black = 42%.} 0-1

[Event "Kragero Resort Chess A 2018"]
[Site "Kragero"]
[Date "2018.02.23"]
[Round "5"]
[White "Haug, Johannes"]
[Black "Houska, Jovanka"]
[Result "1/2-1/2"]
[WhiteElo "2355"]
[BlackElo "2408"]
[Annotator "TA"]
[PlyCount "93"]
[EventDate "2018.??.??"]
[EventType "swiss"]
[EventCountry "NOR"]
[SourceTitle "playchess.com"]
[Source "ChessBase"]
[SourceQuality "1"]

{[%evp 18,93,8,25,31,0,38,-45,-42,-39,-35,-37,-47,-43,-31,-48,-10,-14,-34,-61,-39,-55,-32,-32,-32,-47,-32,-32,-14,-29,-3,-25,-20,-33,-49,-77,-62,-73,0,-60,-58,-56,-45,-45,-45,-50,0,-5,0,-2,0,0,10,10,8,8,8,8,8,8,8,8,20,0,3,0,20,25,43,44,37,39,77,43,54,48,91,0]} 1. e4 c6 2. d4 d5 3. e5 Bf5 4. h4 h5 5. Bd3 Bxd3 6. Qxd3 {B12: Caro-Kann: Advance Variation} Qa5+ (6... e6 7. Bg5 Be7 8. Nf3 c5 9. dxc5 Nd7 10. b4 Bxg5 11. hxg5 Ne7 12. Nc3 a5 13. Nb5 axb4 14. Nd6+ Kf8 {½-½ (52) Nepomniachtchi,I (2729)-Laznicka,V (2647) Riadh 2017}) 7. Bd2 Qa6 8. e6 Qxd3 9. exf7+ Kxf7 10. cxd3 {LiveBook: 8 Games} Nh6 11. Nf3 Nf5 12. Be3 $146 ({White should play} 12. Bc3 $14) ({Predecessor:} 12. Nc3 Nd7 {1-0 (25) Ladron de Guevara Pinto,P (2386)-Bopp,T (2157) Caleta 2017}) 12... Nd7 $15 13. Nbd2 e6 14. Bf4 Be7 15. g3 Rac8 16. Rc1 b6 17. Ne5+ (17. Nb3 {keeps more tension.} Bf6 18. O-O c5 19. dxc5 bxc5 20. Rc2) 17... Nxe5 18. dxe5 c5 19. Nf3 Ke8 20. Ke2 Kd7 21. Rhg1 Rhf8 22. Bd2 b5 23. b3 Rf7 24. Rg2 b4 25. Bg5 Bxg5 26. Nxg5 Nd4+ 27. Ke3 Nf5+ 28. Ke2 $1 Rff8 29. Nf3 Rc6 30. g4 hxg4 31. Rxg4 Rh8 32. a3 a5 33. Ra1 bxa3 34. Rxa3 Rb8 35. Rga4 Rcb6 36. Rxa5 Rxb3 37. Rxb3 Rxb3 38. Rxc5 $11 {[%mdl 4096] Endgame KRN-KRN} Rb2+ 39. Ke1 Rb1+ 40. Ke2 Rb2+ 41. Ke1 Rb1+ 42. Kd2 Rb4 43. Ra5 Rb2+ 44. Ke1 Rb3 45. Ke2 Rb2+ 46. Kf1 $1 Rb3 47. Ke2 {Precision: White = 49%, Black = 33%.} (47. Ra7+ $16 Kc6 48. Ng5) 1/2-1/2